| 000 | 00912nam a2200277 4500 | ||
|---|---|---|---|
| 001 | 33337 | ||
| 003 | BD-RjUL | ||
| 005 | 20211209052005.0 | ||
| 008 | 161127s1962 enkfa b 001 0 eng d | ||
| 035 | _a(BD-RjUL)33428 | ||
| 040 |
_aPAU _cPAU _dGAT _dOCL _dEQO _dBD-RjUL _beng |
||
| 041 | _aeng | ||
| 082 |
_a901.92 _bWHM 1962 |
||
| 090 |
_aCB353 _b.W5 1964 |
||
| 100 | 1 |
_aWhite, Lynn Townsend, _d1907-1987 _9101195 |
|
| 245 | 1 | 0 |
_aMedieval technology and social change / _cLynn White, Jr. |
| 260 |
_aOxford : _bOxford University Press, _c c1962. |
||
| 300 |
_avii,194 p. [20] of leaves of plates : _bill. ; _c21 cm. |
||
| 490 | 1 |
_aOxford paperbacks ; _vno. 79 |
|
| 504 | _aIncludes bibliographical references and index. | ||
| 650 | 0 |
_aCivilization, Medieval. _9101196 |
|
| 650 | 0 |
_aTechnology and civilization. _9101197 |
|
| 830 | 0 |
_vno. 79 _9167897 |
|
| 830 | 0 |
_aOxford paperbacks ; _9167898 |
|
| 942 |
_2ddc _cBK |
||
| 999 |
_c33337 _d33337 |
||